Medicina bucal / (Registro nro. 11537)

Detalles MARC
000 -LIDER
fixed length control field 01246cam a22003853a 4500
001 - NÚMERO DE CONTROL
Identificador de número de control 0000714
003 - IDENTIFICACDOR DE NÚMERO DE CONTROL
control field DO-SdBNP
005 - DATE AND TIME OF LATEST TRANSACTION
control field 20171110113745.0
007 - CAMPOS FIJOS DE DESCRIPCIÓN FÍSICA
fixed length control field 0000714
008 - ELEMENTOS DE LONGITUD FIJA
fixed length control field 861112 2009 sp ac 000 0 spa d
010 ## - NUMERO DE CONTROL DE BIBLIOTECA DEL CONGRESO
LC control number
020 ## - ISBN
International Standard Book Number 843443718x
040 ## - FUENTE DE CATALOGACIÓN
Agencia que crea de manera original el registro BPMSU
Agencia que realiza la transcripción spa
Agencia que realiza la modificación BPMSU
--
082 #4 - NÚMERO DE CLASIFICACIÓN DECIMAL DE DEWEY
Classification number 617.6
Item number B298m, 2009
100 1# - ASIENTO PRINCIPAL -- NOMBRE PERSONAL
Nombre personal Bascones Martínez, Antonio
245 10 - MENCIÓN DE TITULO
Título Medicina bucal /
Mención de responsabilidad Antonio Bascones Martínez ; prólogo de Isaac van der Waal
250 ## - MENCIÓN DE EDICION
Mención de edición 3a. ed.
260 ## - PUBLICACIÓN, DISTRIBUCIÓN, ETC. (PIE DE IMPRENTA)
Lugar de publicación, distribución, etc Barcelona :
Nombre del editor, distribuidor, etc. Lexus,
Fecha de publicación, distribución, etc 2009.
300 ## - DESCRIPCIÓN FÍSICA
Extensión 717 p. :
Otros detalles físicos il., retrato
Dimensiones 28 cm.
490 0# - MENCIÓN DE SERIES
Mención de serie Ediciones avances
500 ## - NOTA GENERAL
Nota general Incluye índice temático.
500 ## - NOTA GENERAL
Nota general Incluye glosario.
504 ## - NOTA DE BIBLIOGRAFÍA, ETC.
Bibliography, etc Bibliografía
505 2# - NOTA DE CONTENIDO
Título Patología de la mucosa bucal --
-- Patología de los maxilares --
-- Patología de las glándulas salivales --
-- Enfermedades sistemáticas de repercusión bucal --
600 ## - ENCABEZAMIENTO DE MATERIA--NOMBRE PERSONAL
Nombre personal
Subdivisión temática general
650 #4 - ENCABEZAMIENTO DE MATERIA--TEMÁTICO
Término temático o nombre geográfico como elemento de entrada ODONTOLOGÍA
650 #4 - ENCABEZAMIENTO DE MATERIA--TEMÁTICO
Término temático o nombre geográfico como elemento de entrada MUCOSA BUCAL
Subdivisión temática general ENFERMEDADES
650 #4 - ENCABEZAMIENTO DE MATERIA--TEMÁTICO
Término temático o nombre geográfico como elemento de entrada ENFERMEDADES DE LA BOCA
700 12 - ASIENTO SECUNDARIO -- NOMBRE PERSONAL
Nombre personal Waal, Isaac van der
Mención de responsabilidad pról.
830 #0 - ASIENTO SECUNDARIO DE SERIE--TÍTULO UNIFORME
Título uniforme Ediciones avances
910 ## - VALIDACIÓN
Validación Validado. Control de calidad MFF
942 ## - ADDED ENTRY ELEMENTS (KOHA)
Source of classification or shelving scheme Dewey Decimal Classification
Koha item type Libros
945 ## - INFORMACIÓN DE PROCESAMIENTO LOCAL
Información de procesamiento local Inventariado, 2017/MFF
956 ## - LOCAL ELECTRONIC LOCATION AND ACCESS (OCLC)
Método de acceso YLOCKWARD
Materiales especificados 10
Campo enlazado y núm. de secuencia BPMSU
Existencias
Withdrawn status Lost status Source of classification or shelving scheme Damaged status Not for loan Collection code Home library Current library Date acquired Total Checkouts Full call number Barcode Date last seen Price effective from Koha item type
    Dewey Decimal Classification     Colección General Biblioteca Pública Metropolitana Salomé Ureña Biblioteca Pública Metropolitana Salomé Ureña 10/11/2016   617.6 B298m, 2009 BPMSU16100107 10/11/2016 10/11/2016 Libros